000 00884nam a22002537a 4500
003 DO-SdBNP
005 20250609133712.0
007 ta
008 220613b2022 dr ||||| |||| 00| 0 spa d
020 _a9789945808629
040 _aDO-SdBNP
_bspa
_cBNPHU
082 4 _222
_a398.961
_bB443e
100 1 _aBelliard García, Amadeus,
_d2005-
_981853
245 1 0 _aErmitaño de la montaña :
_bpensamientos /
_cAmadeus Belliard García ; prólogo William Wordsworth
260 _aSanto Domingo :
_bBúho,
_c2022.
300 _a55 p. ;
_c22 cm.
500 _aIncluye datos biográficos del autor en la solapa de la cubierta
590 _aInventariado, 2022/BT
650 4 _aProverbios y refranes españoles
_914992
650 0 _xAforismos y apotegmas
_983268
700 1 _aWordsworth, William,
_epról.
_966284
910 _aBtavárez/Validado. Control de calidad MFF
942 _2ddc
_cLBS1
999 _c52026
_d52026